| 000 | 00981nam0a22002411i 4500 | ||
|---|---|---|---|
| 001 | rc\4310006 | ||
| 005 | 20240724131114.0 | ||
| 021 |
_aRU _b[66-15026] |
||
| 035 | _a(NLR Aleph) 008507662 | ||
| 090 |
_a8149062 _c8149062 |
||
| 100 | _a20130416d1966 |||y0rusy50 ca | ||
| 101 | 0 | _arus | |
| 102 | _aRU | ||
| 105 | _ay d ||||| | ||
| 200 | 1 |
_aМорфологические изменения лимфатической системы желудка при раке его _e(Анатомо-эксперим. исследование) _eАвтореферат дис. на соискание учен. степени кандидата мед. наук _fСвердл. гос. мед. ин-т |
|
| 210 |
_aСвердловск _d1966 |
||
| 215 | _a16 с. | ||
| 606 |
_aЖелудок _xРак _xПатологическая анатомия _2psbo |
||
| 700 | 1 |
_aВихриев _bС.С. |
|
| 801 | 0 |
_aRU _bNLR _gpsbo |
|
| 801 | 1 |
_aRU _bELAR _2rusmarc |
|
| 852 |
_aNLR _j66-4/4232 |
||
| 942 | _cBOOK | ||